000 00759nam a22001935i 4500
001 158909
003 ES-MaACL
005 20250722063150.0
008 040906s1885 sp |||| | spa d
040 _aCAM
_bspa
_cCAM
100 1 _aMartín Mínguez, Bernardino,
_d1849-post. 1920
_977573
245 1 1 _a¿Hay cisma en España? /
_cpor R.R.
260 _aMadrid :
_b[s.n.],
_c1885 (
_fTipografía de Manuel G. Hernández)
300 _a39 p. ;
_c21 cm.
594 _aAutor tomado de la dedicatoria ms.
650 4 _aIglesia y Estado-
_zEspaña.
_913555
852 _aES-MaACL
_jT-465-F-5
_z-- Enc. hol.
_z-- Dedicatoria ms. del autor, Bernardino Martin Minguez a la Biblioteca del Ateneo
_q-- Falto de la cub. original
999 _c158909
_d158909